000 00711cab a2200229 4500
001 WB3132-47
008 090401t1995 xxu||||| |||| 00| 0 eng d
035 _a(Sirsi) u57360
041 _aeng
245 _aBoost for housing in Germany
260 _c1995
350 _a0
490 _aFinancial Times
_v23 August 1995, 2(1)
520 _aThe German government has announced measures to encourage homeownership and boost the housebuilding industry. The UK and the Netherlands are seen as role models for greater homeownership.
650 _aGERMANY
650 _aHOMEOWNERSHIP
650 _aOWNER-OCCUPATION
690 _aHOUSING
690 _aOVERSEAS-EUROPE
942 _n0
948 _c04/03/1997
999 _c34966
_d34966